Movies Quiz

Random Movies or TV Show Quiz
Score 0/22 Timer 08:00
6 Plays Today
% Correct
George Clooney
96.2%
Dustin Hoffman
81.6%
Denzel Washington
73.5%
Catherine Zeta-Jones
68.7%
Nicole Kidman
68.1%
Christopher Walken
68.1%
Halle Berry
68.1%
Geena Davis
65.3%
Kate Winslet
63.6%
Cate Blanchett
58.9%
Marisa Tomei
58.3%
% Correct
Jodie Foster
55.4%
Judi Dench
54%
Eddie Redmayne
47.7%
Sean Penn
46.9%
Jeremy Irons
43.2%
Richard Dreyfuss
38.6%
Anthony Hopkins
33.6%
Chris Cooper
28.7%
Diane Keaton
24.2%
Christoph Waltz
22.2%
Ben Kingsley
13.5%

You're not logged in!

Compare scores with friends on all Sporcle quizzes.
OR
Log In

Sporcle TV

Today on Sporcle TV


Watch our educational content, quiz creation guides, and fun videos on Sporcle TV.

Show Comments

Extras

Top Quizzes Today


Score Distribution

Your Account Isn't Verified!

In order to create a playlist on Sporcle, you need to verify the email address you used during registration. Go to your Sporcle Settings to finish the process.

Report this User

Report this user for behavior that violates our Community Guidelines.

Details: